000 00928nam a22002057a 4500
999 _c61144
_d61144
005 20231222163244.0
008 231222s1978 ru ||||| |||| 00| 0 rus d
041 _arus
080 _a821.353.1.09 Ц-87
100 _aЦуртавели, Яков
_920860
245 _aМученичество Шушаник /
_cЯков Цуртавели; Пер. К. Кекелидзе.
264 _aТбилиси :
_bМерани,
_c1978.
300 _a79 с. :
_bил. ;
_c 22 см.
500 _aК 1500-летию создания древнейшего груз. лит. произведения.
653 _aშუშანიკი, წმინდანი
653 _aქართული პროზა
653 _aქართველი ავტორები რუსულ ენაზე
700 _aკეკელიძე, ლ.
_eმთარგმნელი
_920861
942 _2udc
_cᲬᲘᲒᲜᲘ